[Event "OP-2017-0-04492"]
[Site "LSS email"]
[Date "2017.12.14"]
[Round "?"]
[White "Maliszewski, Grzegorz"]
[Black "Sofia, Gerardo"]
[Result "1-0"]
[WhiteElo "1797"]
[BlackElo "1481"]
[PlyCount "91"]
[EventDate "2017.12.05"]
[EventType "tourn (corr)"]
[EventRounds "4"]
[EventCountry "GER"]
[SourceTitle "Corr 2022"]
[Source "ChessBase"]
[SourceDate "2021.10.24"]
[SourceVersion "1"]
[SourceVersionDate "2021.10.24"]
[SourceQuality "1"]

1. c4 e6 2. g3 Nf6 3. Bg2 Be7 4. Nf3 0-0 5. 0-0 d5 6. d4 dxc4 7. Qc2 Nc6 8. Qxc4 Qd5 9. Qa4 Qh5 10. Nc3 Bd7 11. Qc4 a6 12. Rd1 Bd6 13. h3 h6 14. g4 Qa5 15. a3 Nd5 16. Bd2 Rfe8 17. Qd3 Qb6 18. g5 Nf4 19. Bxf4 Bxf4 20. gxh6 Bxh6 21. e3 Rad8 22. Qc2 Bc8 23. Na4 Qb5 24. Nc5 f6 25. Rd3 Na5 26. Rc3 Re7 27. b4 Nc6 28. a4 Qb6 29. a5 Qa7 30. Qb3 g5 31. Rac1 Bg7 32. Nd2 Kh8 33. Nxb7 Bxb7 34. Bxc6 Bc8 35. Qd1 Kg8 36. Qh5 Qb8 37. Rc4 e5 38. Ne4 exd4 39. Qg6 Kf8 40. Nxf6 Rd6 41. Rxd4 Bf5 42. Qxf5 Rxf6 43. Qd3 Rd6 44. Rxd6 cxd6 45. Bd5 Re5 46. Qxa6 1-0

[Event "GER CCM-E01-C email"]
[Site "GER email"]
[Date "2017.06.26"]
[Round "?"]
[White "Baroin, Bernard"]
[Black "Maliszewski, Grzegorz"]
[Result "1/2-1/2"]
[WhiteElo "2220"]
[BlackElo "2250"]
[PlyCount "69"]
[EventDate "2017.??.??"]
[EventType "tourn (corr)"]
[EventRounds "13"]
[EventCountry "GER"]
[SourceTitle "Corr 2020"]
[Source "ChessBase"]
[SourceDate "2019.09.30"]
[SourceVersion "1"]
[SourceVersionDate "2019.09.30"]
[SourceQuality "1"]

1. e4 c5 2. Nf3 d6 3. d4 cxd4 4. Nxd4 Nf6 5. Nc3 a6 6. Be3 e5 7. Nb3 Be7 8. h3 Be6 9. f4 exf4 10. Bxf4 Nc6 11. Qe2 Nd7 12. 0-0-0 Nce5 13. Qe3 Rc8 14. Kb1 Qc7 15. Nd4 b5 16. a4 0-0 17. axb5 axb5 18. Ncxb5 Qa5 19. Qa3 Qd8 20. Na7 Rc5 21. Nxe6 fxe6 22. Bxe5 Nxe5 23. Qxc5 dxc5 24. Rxd8 Rxd8 25. Bb5 Rd2 26. g4 Bf6 27. Re1 Kf7 28. Re3 Rd1+ 29. Ka2 Rd6 30. Ra3 Kg6 31. Nc8 Rd8 32. Nb6 Kg5 33. Nc4 Kh4 34. Nxe5 Bxe5 35. Bf1 1/2-1/2

[Event "GER CCM-E01-C email"]
[Site "GER email"]
[Date "2017.06.26"]
[Round "?"]
[White "Maliszewski, Grzegorz"]
[Black "Jansen, Uwe"]
[Result "1-0"]
[WhiteElo "2250"]
[BlackElo "2145"]
[PlyCount "85"]
[EventDate "2017.??.??"]
[EventType "tourn (corr)"]
[EventRounds "13"]
[EventCountry "GER"]
[SourceTitle "Corr 2020"]
[Source "ChessBase"]
[SourceDate "2019.09.30"]
[SourceVersion "1"]
[SourceVersionDate "2019.09.30"]
[SourceQuality "1"]

1. e4 c6 2. d4 d5 3. e5 Bf5 4. Nf3 e6 5. Be2 c5 6. Be3 cxd4 7. Nxd4 Ne7 8. 0-0 Nbc6 9. Bb5 a6 10. Bxc6+ bxc6 11. c4 Qd7 12. Nc3 dxc4 13. Na4 Nd5 14. Nxf5 exf5 15. Bd2 Be7 16. Rc1 c3 17. Nxc3 Rb8 18. b3 0-0 19. Qe2 Qe6 20. Nxd5 cxd5 21. Rfd1 Rfe8 22. Qd3 Ba3 23. Rb1 Bc5 24. g3 h6 25. a4 Rec8 26. b4 Ba7 27. Rbc1 Kh7 28. Be1 d4 29. h4 g6 30. Bd2 h5 31. Qf3 Kg8 32. a5 Qd7 33. Qd3 Qe6 34. Re1 Ra8 35. Qf3 Qd7 36. Bf4 Kg7 37. Bg5 Kg8 38. Bf6 d3 39. Rcd1 Qd4 40. Kg2 Re8 41. b5 axb5 42. Rxd3 Qb4 43. Rc1 1-0